000 00715nam a2200253Ia 4500
003 OSt
005 20220918221004.0
006 a|||||r|||| 00| 0
007 ta
008 220917b |||||||| |||| 00| 0 eng d
024 _a147,744
037 _cTextual
040 _aARTS
_cARTS
_beng
041 _2eng
_aeng
082 _aY592.2.N, M0
100 _aFuchs Stephen
_979814
245 0 _aAt the bottom of Indian soceity
_b The Harijan and other low castes
260 _aDelhi
_bMunshiram Manoharlal Publishers
_c1980
300 _avi,325p.
_ccm.
500 _aBibliography p313-316
650 _aSOCIOLOGY
942 _hY592.2.N, M0
_cTEXL
_2CC
999 _c270479
_d270479